The great strength of the market is that it is a decentralised means The great strength of the market is that it is a decentralised means of resource illocation; Journal of Economics and Social Sciences; № 2

Bibliographic Details
Parent link:Journal of Economics and Social Sciences: electronic scientific journal/ National Research Tomsk Polytechnic University (TPU), Institute of Humanities, Social Sciences and Technologies.— , 2012-.— 2312-2978
№ 2.— 2013.— [3 p.]
Main Author: Solodovnikov A.
Summary:Title screen
In this essay a decentralised means of resource allocation is going to be discussed as a strength or weakness of the market. In order to get a broad picture on this issue, we are going to bring examples of resource allocation in both market and planned economies. First, the most important authors concerned with this matter are going to be evaluated. Thus, we will review the opinions of authors like Adam Smith and Friedrich Hayek. While evaluating different positive and negative sides of the market economy, we will particularly focus on the matter raised in the question: what are the strong and weak sides of the market economy in terms of resource allocation. Finally, we will examine a particular case in order to get an understanding of how failure in resource allocation will affect centralised and free market systems.
Language:English
Published: 2013
Series:Экономические науки
Subjects:
Online Access:http://earchive.tpu.ru/handle/11683/21707
Format: Electronic Book Chapter
KOHA link:https://koha.lib.tpu.ru/cgi-bin/koha/opac-detail.pl?biblionumber=536898

MARC

LEADER 00000naa2a2200000 4500
001 536898
005 20231101113824.0
035 |a (RuTPU)RU\TPU\prd\226193 
035 |a RU\TPU\prd\225692 
090 |a 536898 
100 |a 20141121a2013 k y0rusy50 ba 
101 0 |a eng 
102 |a RU 
135 |a drcn ---uucaa 
181 0 |a i  
182 0 |a b 
200 1 |a The great strength of the market is that it is a decentralised means The great strength of the market is that it is a decentralised means of resource illocation  |f A. Solodovnikov 
203 |a Text  |c electronic 
215 |a 1 файл (82 Кб) 
225 1 |a Экономические науки 
230 |a Электронные текстовые данные (1 файл : 82 Кб) 
300 |a Title screen 
320 |a [References: 6 tit.] 
330 |a In this essay a decentralised means of resource allocation is going to be discussed as a strength or weakness of the market. In order to get a broad picture on this issue, we are going to bring examples of resource allocation in both market and planned economies. First, the most important authors concerned with this matter are going to be evaluated. Thus, we will review the opinions of authors like Adam Smith and Friedrich Hayek. While evaluating different positive and negative sides of the market economy, we will particularly focus on the matter raised in the question: what are the strong and weak sides of the market economy in terms of resource allocation. Finally, we will examine a particular case in order to get an understanding of how failure in resource allocation will affect centralised and free market systems. 
461 1 |0 (RuTPU)RU\TPU\prd\225573  |x 2312-2978  |t Journal of Economics and Social Sciences  |o electronic scientific journal  |f National Research Tomsk Polytechnic University (TPU), Institute of Humanities, Social Sciences and Technologies  |d 2012- 
463 1 |0 (RuTPU)RU\TPU\prd\226192  |t № 2  |v [3 p.]  |d 2013 
610 1 |a market and planned economies 
610 1 |a resource allocation 
700 1 |a Solodovnikov  |b A. 
801 1 |a RU  |b 63413507  |c 20090623  |g PSBO 
801 2 |a RU  |b 63413507  |c 20160921  |g PSBO 
856 4 |u http://earchive.tpu.ru/handle/11683/21707 
942 |c BK